Normal view
MARC view
- تقديم وضبط وشرح عبود أحمد الخزرجي
Entry Personal Name
001 - CONTROL NUMBER
- control field: 35449
003 - CONTROL NUMBER IDENTIFIER
- control field: JO-AjAnu
005 - DATE AND TIME OF LATEST TRANSACTION
- control field: 20230606075928.0
008 - FIXED-LENGTH DATA ELEMENTS
- fixed length control field: 230606|| aca||aabn | a|a d
040 ## - CATALOGING SOURCE
- Original cataloging agency: JO-AjAnu
- Transcribing agency: JO-AjAnu
100 ## - HEADING--PERSONAL NAME
- Personal name: تقديم وضبط وشرح عبود أحمد الخزرجي
670 ## - SOURCE DATA FOUND
- Source citation: Work cat.: (JO-AjAnu)18205: تقديم وضبط وشرح عبود أحمد الخزرجي , author, روائع الحكم من أشعار الإمام علي بن أبي طالب